<?xml version="1.0" encoding="UTF-8"?>
<collection xmlns:xsi="http://www.w3.org/2001/XMLSchema-instance" xsi:schemaLocation="http://www.loc.gov/MARC21/slim http://www.loc.gov/standards/marcxml/schema/MARC21slim.xsd" xmlns="http://www.loc.gov/MARC21/slim">
 <record>
  <leader>00000nmm a2200000 i 4500</leader>
  <controlfield tag="001">UP-99946688290006907</controlfield>
  <controlfield tag="003">Buklod</controlfield>
  <controlfield tag="005">20230426133056.0</controlfield>
  <controlfield tag="006">m     o  u        </controlfield>
  <controlfield tag="007">cr || |||a|a|a</controlfield>
  <controlfield tag="008">230426s2007    cau    go  u        eng d</controlfield>
  <datafield tag="020" ind1=" " ind2=" ">
   <subfield code="z">9780123739216</subfield>
  </datafield>
  <datafield tag="035" ind1=" " ind2=" ">
   <subfield code="a">(OCoLC)173690862</subfield>
  </datafield>
  <datafield tag="040" ind1="0" ind2=" ">
   <subfield code="a">VVC</subfield>
   <subfield code="d">DSCI</subfield>
   <subfield code="e">rda</subfield>
  </datafield>
  <datafield tag="041" ind1="0" ind2=" ">
   <subfield code="a">eng</subfield>
  </datafield>
  <datafield tag="042" ind1=" " ind2=" ">
   <subfield code="a">DMLUC</subfield>
  </datafield>
  <datafield tag="084" ind1=" " ind2=" ">
   <subfield code="a">QP 90.6 </subfield>
   <subfield code="b">O86 2007eb</subfield>
  </datafield>
  <datafield tag="245" ind1="0" ind2="0">
   <subfield code="a">Osmosensing and osmosignaling</subfield>
   <subfield code="c">edited by Dieter Heaussinger &amp; Helmut Sies.</subfield>
  </datafield>
  <datafield tag="264" ind1=" " ind2="0">
   <subfield code="a">San Diego, CA</subfield>
   <subfield code="b">Academic Press/Elsevier</subfield>
   <subfield code="c">[2007]</subfield>
  </datafield>
  <datafield tag="300" ind1=" " ind2=" ">
   <subfield code="a">1 online resource (xxl, 579 pages, 30 pages of plates</subfield>
   <subfield code="b">illustrations (some color)</subfield>
  </datafield>
  <datafield tag="336" ind1=" " ind2=" ">
   <subfield code="a">text</subfield>
   <subfield code="2">rdacontent</subfield>
  </datafield>
  <datafield tag="337" ind1=" " ind2=" ">
   <subfield code="a">computer</subfield>
   <subfield code="2">rdamedia</subfield>
  </datafield>
  <datafield tag="338" ind1=" " ind2=" ">
   <subfield code="a">online resource</subfield>
   <subfield code="2">rdacarrier</subfield>
  </datafield>
  <datafield tag="490" ind1="1" ind2=" ">
   <subfield code="a">Methods in enzymology</subfield>
   <subfield code="v">volume 428</subfield>
  </datafield>
  <datafield tag="504" ind1=" " ind2=" ">
   <subfield code="a">Includes bibliographical references and index.</subfield>
  </datafield>
  <datafield tag="505" ind1="0" ind2="0">
   <subfield code="a">Water compartments in cells / G. D. Fullerton ... [et al.] -- Yeast osmoregulation / S. Hohmann ... [et al.] -- Physiological analysis of bacterial mechanosensitive channels / I. R. Booth ... [et al.] -- Control of cell cycle in response to osmostress: Lessons from yeast / J. Clotet ... [et al.] -- Bacterial osmosensing transporters / J. M. Wood -- Plant gene networks in osmotic stress response: From genes to regulatory networks / L. S. Tran ... [et al.] -- Osmosensing by integrins in rat liver / F. Schliess ... [et al.] -- Hyperosmotic activation of the CD95 system / R. Reinehr ... [et al.] -- New approaches for determining apoptotic volume decrease in cells / C. D. Bortner ... [et al.] -- Transient receptor potential channels in mechanosensing and cell volume regulation / S. F. Pedersen ... [et al.] -- Cell volume regulatory ion channels in cell proliferation and cell death / F. Lang ... [et al.] -- Actin cytoskeleton architecture and signaling in osmosensing / E. A. Papakonstanti ... [et al.] -- Osmotic stress and DNA damage / N. I. Dmitrieva ... [et al.] -- Transcriptional activator tone-binding protein in cellular protection and differentiation / J. A. Kim ... [et al.] -- Desiccation response of mammalian cells: Anhydrosignaling / Z. Huang ... [et al.] -- Tonicity-regulated gene expression / J. D. Ferraris ... [et al.] -- Hyperosmotic induction of mitogen-activated protein kinase scaffolding / T. L. Hilder ... [et al.] -- Osmoregulation of bile formation / R. Kubitz ... [et al.] -- Osmosignaling and volume regulation in intestinal epithelial cells / C. H. Lim ... [et al.] -- Osmotic regulation of cellular glucose uptake / P. Gual ... [et al.] -- Effects of osmolytes on protein folding and aggregation in cells / Z. Ignatova ... [et al.] -- Simulations of macromolecules in protective and denaturing osmolytes: Properties of mixed solvent systems and their effects on water and protein structure and dynamics / D. A. Beck ... [et al.] -- Application of the transfer model to understand how naturally occurring osmolytes affect protein stability / M. Auton ... [et al.] -- Mechanisms of high salinity tolerance in plants / N. Tuteja -- Phenotype of the taurine transporter knockout mouse / U. Warskulat ... [et al.] -- Molecular basis of osmolyte effects on protein and metabolites / J. Rosgen -- Methods of changing biopolymer volume fraction and cytoplasmic solute concentrations for in vivo biophysical studies / M. C. Konopka ... [et al.] -- Characterization of plant aquaporins / R. Kaldenhoff ... [et al.]</subfield>
  </datafield>
  <datafield tag="506" ind1="0" ind2=" ">
   <subfield code="a">IP-based subscription, on campus only.  </subfield>
   <subfield code="c">Access via Electronic Resources of the UPD University Library Website.</subfield>
  </datafield>
  <datafield tag="650" ind1=" " ind2="0">
   <subfield code="a">Osmoregulation.</subfield>
  </datafield>
  <datafield tag="650" ind1=" " ind2="0">
   <subfield code="a">Electronic books.</subfield>
  </datafield>
  <datafield tag="700" ind1="1" ind2=" ">
   <subfield code="a">Heaussinger, Diether</subfield>
   <subfield code="e">editor.</subfield>
  </datafield>
  <datafield tag="700" ind1="1" ind2=" ">
   <subfield code="a">Sies, Helmut</subfield>
   <subfield code="d">editor.</subfield>
  </datafield>
  <datafield tag="830" ind1=" " ind2="0">
   <subfield code="a">Methods in enzymology</subfield>
   <subfield code="v">volume 428.</subfield>
  </datafield>
  <datafield tag="856" ind1="0" ind2="0">
   <subfield code="a">Also available remotely for University of the Philippines System via Science Direct through. Click here to access thru Open Athens</subfield>
   <subfield code="u">https://www.sciencedirect.com/bookseries/methods-in-enzymology/vol/428/suppl/C</subfield>
   <subfield code="a">(viewed 12 October 2022)</subfield>
  </datafield>
  <datafield tag="905" ind1=" " ind2=" ">
   <subfield code="a">FO</subfield>
  </datafield>
  <datafield tag="852" ind1="0" ind2=" ">
   <subfield code="a">UPD</subfield>
   <subfield code="b">DSCI</subfield>
   <subfield code="h">QP 90.6</subfield>
   <subfield code="i">O86 2007EB</subfield>
  </datafield>
  <datafield tag="942" ind1=" " ind2=" ">
   <subfield code="a">Electronic Resource</subfield>
  </datafield>
 </record>
</collection>
